| 000 | 00680pam a2200193 a 4500 | ||
|---|---|---|---|
| 020 | _a0875185932 | ||
| 040 | _cDLC | ||
| 082 | 0 | 0 | _a597 DIL 1994 A057 Or. |
| 100 | 1 | _aGrossman, Susan M. | |
| 245 | 1 | 0 | _aPiranhas / |
| 250 | _a1st ed. | ||
| 260 |
_aNew York : _bDillon Press ; _aToronto : _bMaxwell Macmillan Canada ; _aNew York : _bMaxwell Macmillan International, _cc1994. |
||
| 300 |
_a60 p. : _bill. (some col.), col. map ; _c23 cm. |
||
| 500 | _aIncludes index. | ||
| 520 | _aDescribes the physical characteristics, habitat, and life cycle of piranhas, and explains that their scary reputation may be exaggerated. | ||
| 650 | 0 | _aPiranhas | |
| 650 | 1 | _aPiranhas. | |
| 942 | _cEK | ||
| 999 |
_c13874 _d13874 |
||